header

Beyond uncertainty (Record no. 234820)

MARC details
000 -LEADER
fixed length control field 01329nam a2200325Ia 4500
100 1# - MAIN ENTRY--AUTHOR NAME
Personal name Cassidy, David C.,
245 10 - TITLE STATEMENT
Title Beyond uncertainty
260 ## - PUBLICATION, DISTRIBUTION, ETC. (IMPRINT)
Place of publication New York :
Name of publisher Bellevue Literary Press,
Year of publication 2009.
300 ## - PHYSICAL DESCRIPTION
Number of Pages 480 p. :
Other physical details ill.
650 #0 - SUBJECT ADDED ENTRY--TOPICAL TERM
Topical Term Physicists
Topical Term Atomic bomb
856 40 - ELECTRONIC LOCATION AND ACCESS
Uniform Resource Identifier http://site.ebrary.com/lib/rucke/Doc?id=10433152

No items available.

© 2026 Rongo University
Contact us: librarian | system librarian | Rongo university